| 000 | 00394 a2200121 4500 | ||
|---|---|---|---|
| 001 | 55475 | ||
| 082 | _a621.381322 BAR | ||
| 090 |
_c34426 _d34426 |
||
| 100 |
_aBarker, Robert J. _aJohn H. Booske ; Neville C. Luhimann, Jr |
||
| 245 |
_aModern microwave and millimeter-wave power electronics _cRobert J. Barker |
||
| 260 |
_aNJ _bWilley interscience _c2005 |
||
| 600 | _aGregory S. Nusinovich | ||
| 942 |
_aNUST-CAE _k621.381322 BAR |
||
| 999 |
_c290548 _d290548 |
||